[Event "Match"]
[Site "www.echecsemail.com"]
[Date "2015.02.10"]
[Round "1"]
[White "Muller42"]
[Black "Gilliere"]
[WhiteElo "1809"]
[BlackElo "1770"]
[Result "1-0"]
[Round "1"]
1.e4 e5
2.Ng1f3 d6
3.Bf1c4 h6
4.d4 exd4
5.Qd1xd4 Nb8c6
6.Qd4e3 Ng8f6
7.O-O Bc8d7
8.e5 dxe5
9.Nf3xe5 Nc6xe5
10.Qe3xe5 Bf8e7
11.Rf1e1 c6
12.Nb1c3 b5
13.Bc4b3 a5
14.a3 a4
15.Bb3a2 Ra8a5
16.Qe5g3 O-O
17.Bc1xh6 Nf6h5
18.Qg3f3 gxh6
19.Qf3xh5 Be7g5
20.Nc3e4 Bd7f5
21.Ne4xg5 Qd8xg5
22.Qh5xg5 hxg5
23.Re1e5 Bf5xc2
24.Re5xg5 Kh7
25.Rg5c5 Ra5a6
26.Rc5xc2 Kg7
27.Ra1c1 Rf8c8
28.Ba2d5 Rc8c7
29.Rc2xc6 Ra6xc6
30.Bd5xc6 Kf6
31.Rc1c3 Kg7
32.Bc6xb5 Rc7e7
33.g3 Re7e1
34.Kg2 Re1b1
35.Rc3c2 Rb1e1
36.Bb5xa4 Re1e7
37.Rc2c4  { time }
1-0

[Event "Match"]
[Site "www.echecsemail.com"]
[Date "2015.02.10"]
[Round "1"]
[White "Gilliere"]
[Black "Spartacus42"]
[WhiteElo "1770"]
[BlackElo "1809"]
[Result "0-1"]
[Round "1"]
1.d4 d5
2.c4 e6
3.c5 c6
4.e3 Ng8f6
5.Nb1c3 Nb8d7
6.Ng1f3 Bf8e7
7.Bf1e2 O-O
8.O-O Nf6e4
9.Nc3xe4 dxe4
10.Nf3d2 f5
11.b4 Nd7f6
12.Bc1b2 Nf6d5
13.a3 a5
14.Qd1b3 axb4
15.axb4 Bc8d7
16.Ra1xa8 Qd8xa8
17.Rf1a1 Qa8b8
18.h3 b5
19.Nd2b1 Qb8b7
20.Nb1c3 Nd5xc3
21.Qb3xc3 Rf8a8
22.Ra1xa8 Qb7xa8
23.g4 Be7f6
24.h4 Bf6xh4
25.gxf5 exf5
26.Kg2 Qa8d8
27.Qc3b3 Kf8
28.Qb3c3 Qd8g5
29.Kf1 f4
30.exf4 Bd7h3
31.Ke1 Qg5g1
32.Kd2 Bh3f1
 { time }
0-1

[Event "Match"]
[Site "www.echecsemail.com"]
[Date "2015.02.10"]
[Round "1"]
[White "Billyg"]
[Black "Kjvh2004"]
[WhiteElo "1620"]
[BlackElo "1499"]
[Result "1-0"]
[Round "1"]
1.e4 c5
2.d3 Ng8f6
3.Nb1c3 e5
4.Bc1g5 Nb8c6
5.Bg5xf6 gxf6
6.Qd1f3 Bf8e7
7.O-O-O Nc6b4
8.Kb1 Qd8a5
9.a3 d6
10.axb4 cxb4
11.Nc3d5 Bc8e6
12.d4 exd4
13.Rd1xd4 Ra8c8
14.Nd5xb4 Be6a2
15.Kc1 Qa5c5
16.Qf3d3 a5
17.Nb4xa2 Qc5xc2
18.Qd3xc2 Rc8xc2
19.Kxc2 Rh8g8
20.Ng1f3  { time }
1-0

[Event "1/128 Finale"]
[Site "www.chess-mail.com"]
[Date "2015.02.10"]
[Round "1"]
[White "Generalfree"]
[Black "Gandalf"]
[WhiteElo "1880"]
[BlackElo "1580"]
[Result "0-1"]
[Round "1"]
1.e4 e6
2.c3 d5
3.f3 dxe4
4.f4 Ng8f6
5.g4 Nf6d5
6.d4 Qd8h4
7.Kd2 Nd5xf4
8.Kc2 Nf4d3
9.Bf1xd3 exd3
10.Qd1xd3 Nb8c6
11.h3 h5
12.gxh5 Rh8xh5
13.Ng1f3 Qh4g3
14.Qd3f1 e5
15.Nf3xe5 Bc8f5
16.Kb3 Nc6xd4
17.Ka4 Qg3xe5
18.cxd4 Bf5c2
19.b3 Qe5a5
{ resign }
0-1

[Event "Eq:CONFOEDERATIONIS HELVETICAE-Team USA : "]
[Site "www.chess-mail.com"]
[Date "2015.02.10"]
[Round "1"]
[White "Asoka"]
[Black "Tomcapp"]
[WhiteElo "2650"]
[BlackElo "1440"]
[Result "1-0"]
[Round "1"]
1.d4 d5
2.c4 dxc4
3.e3 b5
4.a4 bxa4
5.Ng1f3 Bc8a6
6.Qd1xa4 c6
7.Nb1c3 Ng8f6
8.b3 cxb3
9.Bf1xa6 Nb8xa6
10.Qa4xc6 Nf6d7
11.Qc6xa6 Qd8b8
12.Nc3b5 e6
13.O-O Bf8e7
14.Qa6c6 Qb8c8
15.Nb5c7 Kf8
16.Qc6xa8 Qc8xa8
17.Nc7xa8 f6
18.Ra1xa7 b2
19.Bc1xb2 h6
20.Ra7xd7 Kf7
21.Rd7a7 g5
22.Bb2a3 Kg6
23.Ba3xe7 Kf5
24.Na8c7 g4
25.Nf3h4 Ke4
26.Ra7a3 f5
27.f3 gxf3
28.gxf3 
1-0

[Event "Eq:Slap Shot Mates-BEAC Hungary : "]
[Site "www.chess-mail.com"]
[Date "2015.02.10"]
[Round "1"]
[White "Tatar"]
[Black "Stevefillion"]
[WhiteElo "2700"]
[BlackElo "2320"]
[Result "1-0"]
[Round "1"]
1.g3 c5
2.c4 Ng8f6
3.Bf1g2 Nb8c6
4.Nb1c3 e6
5.Ng1f3 d5
6.cxd5 Nf6xd5
7.O-O Bf8e7
8.b3 O-O
9.Bc1b2 Nd5xc3
10.Bb2xc3 Ra8b8
11.Ra1c1 b6
12.d4 cxd4
13.Nf3xd4 Nc6xd4
14.Qd1xd4 Qd8xd4
15.Bc3xd4 Be7d6
16.Rc1c6 e5
17.Bd4c3 { resign }
1-0

[Event "Fast Game"]
[Site "www.echecsemail.com"]
[Date "2015.02.10"]
[Round "1"]
[White "Fabos12"]
[Black "Gorgo"]
[WhiteElo "1509"]
[BlackElo "1599"]
[Result "0-1"]
[Round "1"]
1.e4 c5
2.Nb1c3 Nb8c6
3.Ng1f3 e5
4.d3 Ng8f6
5.Bc1g5 Bf8e7
6.Bf1e2 d6
7.O-O Bc8e6
8.Nf3e1 Nf6xe4
9.Bg5xe7 Ne4xc3
10.bxc3 Qd8xe7
11.c4 O-O
12.Qd1d2 Ra8d8
13.Ne1f3 d5
14.cxd5 Be6xd5
15.c4 Bd5xc4
16.Qd2c3 Bc4d5
17.Rf1c1 a6
18.Nf3d2 Qe7g5
19.Be2f3 Nc6d4
20.Kf1 Qg5f5
21.Bf3xd5 Rd8xd5
22.Qc3c4 b5
23.Qc4xd5 Qf5xd3
24.Kg1 Nd4e2
25.Kf1 Ne2g3
26.Kg1 Qd3xd5
27.hxg3 Qd5xd2
28.Rc1xc5 e4
29.Rc5c1 e3
30.fxe3 Qd2xe3
31.Kh2 f5
32.Rc1e1 Qe3h6
33.Kg1 Qh6b6
34.Kh2 Rf8f6
35.g4 Rf6h6
36.Kg3 Qb6b8
{ resign }
0-1

[Event "Fast Game"]
[Site "www.echecsemail.com"]
[Date "2015.02.10"]
[Round "1"]
[White "Kesalon"]
[Black "Manuel09"]
[WhiteElo "1599"]
[BlackElo "1529"]
[Result "1-0"]
[Round "1"]
1.e4 e5
2.Ng1f3 Nb8c6
3.Bf1c4 Bf8c5
4.Nb1c3 d6
5.d3 Bc8g4
6.h3 Bg4h5
7.Bc1e3 Nc6d4
8.Be3xd4 Bc5xd4
9.g4 Bh5g6
10.Nf3xd4 exd4
11.Nc3d5 Ng8e7
12.Qd1f3 O-O
13.h4 h6
14.O-O-O Ne7xd5
15.Bc4xd5 c6
16.Bd5b3 a5
17.a3 b5
18.Rd1g1 a4
19.Bb3a2 c5
20.h5 Qd8g5
21.Kb1 Bg6h7
22.Qf3g3 b4
23.f4 Qg5d8
24.g5 hxg5
25.fxg5 bxa3
26.g6 Qd8f6
27.gxh7 Kxh7
28.Rg1f1 Qf6e7
29.Rh1g1 Rf8g8
30.Rf1xf7 { resign }
1-0

[Event "Fast Game"]
[Site "www.echecsemail.com"]
[Date "2015.02.10"]
[Round "1"]
[White "Attatroll"]
[Black "Stevep84"]
[WhiteElo "1850"]
[BlackElo "2050"]
[Result "0-1"]
[Round "1"]
1.d4 d5
2.Ng1f3 Nb8c6
3.Bc1f4 Bc8f5
4.c3 e6
5.Nb1d2 Bf8d6
6.Bf4xd6 Qd8xd6
7.e3 Ng8e7
8.Bf1b5 a6
9.Bb5a4 O-O-O
10.O-O Rd8f8
11.Ba4c2 f6
12.Bc2xf5 Ne7xf5
13.e4 Nf5h6
14.exd5 exd5
15.h3 g5
16.Rf1e1 Nh6f5
17.Nf3h2 h5
18.Nh2f3 g4
19.Nf3h2 gxh3
20.gxh3 Qd6d7
21.Qd1f3 Nf5h4
22.Qf3d3 Rf8g8
23.Kh1 Rg8g2
24.Qd3e3 Rh8g8
25.Nh2f3 Qd7xh3
{ resign }
0-1

[Event "Tourn. n7958"]
[Site "www.chess-mail.com"]
[Date "2015.02.11"]
[Round "1"]
[White "Osopanda"]
[Black "Apoorva"]
[WhiteElo "2000"]
[BlackElo "2110"]
[Result "1-0"]
[Round "1"]
1.c4 e6
2.e4 c6
3.d4 d5
4.cxd5 exd5
5.e5 c5
6.Ng1f3 cxd4
7.Nf3xd4 a6
8.Nb1c3 Bf8c5
9.Bc1e3 Bc5xd4
10.Qd1xd4 Bc8e6
11.Bf1d3 Nb8c6
12.Qd4b6 Nc6xe5
13.Qb6xd8 Ra8xd8
14.Bd3e2 Ng8e7
15.O-O-O O-O
16.Rh1e1 Ne5c6
17.Be3c5 Rf8e8
18.f4 d4
19.Nc3e4 Ne7d5
20.g3 Nd5e3
21.Rd1d2 Rd8d5
22.Bc5a3 b5
23.b3  { time }
1-0

[Event "Tourn. n7990"]
[Site "www.chess-mail.com"]
[Date "2015.02.11"]
[Round "1"]
[White "Julian"]
[Black "Francesco"]
[WhiteElo "1900"]
[BlackElo "2070"]
[Result "0-1"]
[Round "1"]
1.e4 c6
2.d4 d5
3.e5 Bc8f5
4.c4 e6
5.Nb1c3 Nb8d7
6.c5 Ng8e7
7.g4 Bf5g6
8.h4 h6
9.Bf1d3 Bg6xd3
10.Qd1xd3 Qd8c7
11.Ng1e2 O-O-O
12.b4 a6
13.a4 f6
14.f4 f5
15.b5 cxb5
16.axb5 fxg4
17.bxa6 bxa6
18.Ra1xa6 Ne7c6
19.Ra6a8 Nd7b8
20.Nc3b5 Qc7b7
21.Ra8a4 Nb8a6
22.Nb5d6 Bf8xd6
23.cxd6 Na6b4
24.Qd3a3 Nb4c2
25.Kf2 Nc2xa3
26.Bc1xa3 Kd7
27.Ba3c5 Rd8a8
28.Rh1a1 Ra8xa4
29.Ra1xa4 Rh8a8
{ resign }
0-1

[Event "Tourn. n8056"]
[Site "www.chess-mail.com"]
[Date "2015.02.11"]
[Round "1"]
[White "E4player"]
[Black "Manuel09"]
[WhiteElo "1809"]
[BlackElo "1919"]
[Result "1-0"]
[Round "1"]
1.e4 e5
2.Ng1f3 Nb8c6
3.Bf1c4 Bf8c5
4.O-O h6
5.c3 d6
6.d4 exd4
7.cxd4 Bc5b6
8.h3 Ng8e7
9.Nb1c3 O-O
10.Bc1e3 Ne7g6
11.Nc3d5 Bc8e6
12.Nd5xb6 axb6
13.d5 Nc6e5
14.Nf3xe5 Ng6xe5
15.Bc4b3 Be6d7
16.f4 Ne5g6
17.f5 Ng6e5
18.f6 Ne5g6
19.fxg7 Kxg7
20.Qd1h5 Rf8h8
21.Rf1xf7 Kxf7
22.Ra1f1 Ke7
23.Be3g5 { resign }
1-0

[Event "Tourn. n7999"]
[Site "www.chess-mail.com"]
[Date "2015.02.11"]
[Round "1"]
[White "Luban"]
[Black "Picifarkinca"]
[WhiteElo "2130"]
[BlackElo "2040"]
[Result "0-1"]
[Round "1"]
1.d4 Ng8f6
2.c4 e6
3.e3 d5
4.Ng1f3 Bf8b4
5.Nb1c3 O-O
6.Qd1c2 c5
7.Bc1d2 Nb8c6
8.a3 cxd4
9.exd4 Bb4e7
10.Bf1d3 dxc4
11.Bd3xc4 Nc6xd4
12.Nf3xd4 Qd8xd4
13.Bc4e2 e5
14.Bd2e3 Qd4h4
15.g3 Qh4h3
16.Be2f1 Qh3f5
17.Qc2xf5 Bc8xf5
18.Bf1g2 Bf5d3
19.O-O-O e4
20.Be3g5 Ra8c8
21.Kd2 Rf8d8
{ resign }
0-1

[Event "Tourn. n7811"]
[Site "www.chess-mail.com"]
[Date "2015.02.11"]
[Round "1"]
[White "Derik"]
[Black "Bigrezi"]
[WhiteElo "1639"]
[BlackElo "1900"]
[Result "0-1"]
[Round "1"]
1.e4 c5
2.d3 Nb8c6
3.Nb1d2 g6
4.Ng1f3 Bf8g7
5.g3 d6
6.Bf1g2 Ng8f6
7.O-O Bc8g4
8.h3 Bg4d7
9.b3 O-O
10.Bc1b2 Rf8e8
11.Qd1b1 Qd8c7
12.c4 a6
13.Qb1e1 b5
14.Qe1e3 bxc4
15.bxc4 Ra8b8
16.Ra1b1 Nc6b4
17.a3 Nb4c2
18.Qe3e2 Rb8b7
19.Rb1c1 Nc2d4
20.Nf3xd4 Rb7xb2
21.h4 cxd4
22.Bg2f3 Re8b8
23.Qe2d1 Qc7a5
24.Rc1c2 Qa5xa3
25.Qd1c1 Bd7a4
26.Rc2c3 dxc3
27.Nd2b1 Rb2xb1
28.Qc1xa3 Rb1xf1
29.Kh2 Rf1xf2
30.Bf3g2 Nf6g4
31.Kh3 Ba4d7
32.Qa3xa6 Ng4e3
33.Kh2 Ne3xg2
34.Qa6a7 Rb8b2
35.d4 Ng2xh4
36.Kg1 Rf2c2
37.Qa7a8 Bg7f8
38.Qa8a1 Nh4f3
39.Kf1 Rb2a2
40.Qa1d1 Rc2f2
{ resign }
0-1

[Event "Tourn. n7874"]
[Site "www.chess-mail.com"]
[Date "2015.02.11"]
[Round "1"]
[White "Thurgau"]
[Black "Naujzaid"]
[WhiteElo "2700"]
[BlackElo "2190"]
[Result "1-0"]
[Round "1"]
1.e4 c5
2.Ng1f3 d6
3.d4 cxd4
4.Nf3xd4 Ng8f6
5.Nb1c3 e6
6.g4 h6
7.h4 Nb8c6
8.Rh1g1 d5
9.exd5 Nf6xd5
10.Nc3xd5 Qd8xd5
11.Bf1g2 Qd5a5
12.c3 Qa5e5
13.Bc1e3 Nc6xd4
14.Qd1xd4 Qe5xd4
15.Be3xd4 f6
16.O-O-O e5
17.Bd4e3 Bf8e7
18.Bg2e4 Kf7
19.f3 a6
20.h5 Ra8b8
21.Be3a7 Rb8a8
22.Be4g6 Kf8
23.Ba7b6 Bc8e6
24.Kc2 Ra8c8
25.a4 { resign }
1-0

[Event "Tourn. n8049"]
[Site "www.chess-mail.com"]
[Date "2015.02.11"]
[Round "1"]
[White "Aperturaf"]
[Black "Krasin"]
[WhiteElo "2270"]
[BlackElo "2270"]
[Result "1-0"]
[Round "1"]
1.e4 e6
2.d4 d5
3.Bf1d3 dxe4
4.Bd3xe4 Ng8f6
5.Be4f3 c5
6.Ng1e2 Nb8c6
7.c3 Bf8e7
8.O-O O-O
9.h3 Qd8d7
10.Qd1c2 Rf8d8
11.Rf1e1 h6
12.Bc1e3 b6
13.dxc5 Be7xc5
14.Be3xc5 bxc5
15.Nb1a3 Qd7c7
16.Ra1d1 Bc8b7
17.Na3b5 Qc7e7
18.Ne2g3 Rd8xd1
19.Re1xd1 Ra8d8
20.Rd1xd8 Qe7xd8
21.Nb5xa7 { resign }
1-0

[Event "Tourn. n7963"]
[Site "www.chess-mail.com"]
[Date "2015.02.11"]
[Round "1"]
[White "Fanny33"]
[Black "Numanoid"]
[WhiteElo "2710"]
[BlackElo "2600"]
[Result "1-0"]
[Round "1"]
1.f4 d5
2.Ng1f3 Bc8g4
3.e3 Nb8d7
4.h3 Bg4xf3
5.Qd1xf3 e5
6.Qf3xd5 Qd8h4
7.Kd1 O-O-O
8.Qd5f3 f5
9.g3 Qh4f6
10.Nb1c3 Ng8e7
11.b3 e4
12.Qf3e2 Ne7d5
13.Bc1b2 Bf8b4
14.Nc3a4 Qf6f7
15.a3 Bb4e7
16.g4 Be7f6
17.Kc1 g6
18.Kb1 c6
19.Ka2 Kb8
20.Rh1g1 Rh8g8
21.Ra1d1 b5
22.Bb2xf6 Qf7xf6
23.Na4b2 a6
24.c4 Nd5b6
25.Rd1c1 Qf6e6
26.d4 exd3
27.Qe2xd3 { resign }
1-0

[Event "Tourn. n8004"]
[Site "www.chess-mail.com"]
[Date "2015.02.11"]
[Round "1"]
[White "Kjvh2004"]
[Black "Peck"]
[WhiteElo "1499"]
[BlackElo "1479"]
[Result "0-1"]
[Round "1"]
1.e4 g5
2.Qd1g4 d6
3.Qg4xg5 e5
4.Qg5h5 Ng8f6
5.Bf1b5 c6
6.Bb5c4 Nf6xh5
7.Ng1f3 Nh5f4
8.g3 Nf4g2
9.Kf1 Qd8a5
10.Kxg2 d5
11.c3 dxc4
12.Nf3xe5 Qa5xe5
13.Rh1e1 Bf8h6
 { time }
0-1

[Event "Tourn. n8004"]
[Site "www.chess-mail.com"]
[Date "2015.02.11"]
[Round "1"]
[White "Gatrooper"]
[Black "Kjvh2004"]
[WhiteElo "1460"]
[BlackElo "1499"]
[Result "1-0"]
[Round "1"]
1.e4 e5
2.a3 d5
3.exd5 Qd8xd5
4.d3 Qd5a5
5.c3 e4
6.dxe4 Bf8d6
7.Bc1d2 Ng8h6
8.h3 Qa5e5
9.f3 O-O
10.Bd2xh6 gxh6
11.Nb1d2 Bc8e6
12.Bf1e2 f5
13.exf5 Be6xf5
14.Nd2e4  { time }
1-0

[Event "Tourn. n8054"]
[Site "www.chess-mail.com"]
[Date "2015.02.11"]
[Round "1"]
[White "Difficult"]
[Black "Krasin"]
[WhiteElo "2060"]
[BlackElo "2220"]
[Result "0-1"]
[Round "1"]
1.Ng1f3 f5
2.d4 Ng8f6
3.c4 g6
4.b3 Bf8g7
5.Bc1b2 O-O
6.g3 d6
7.d5 c6
8.dxc6 Nb8xc6
9.Bf1g2 e5
10.O-O Qd8e7
11.Nb1c3 Kh8
12.Nc3d5 Nf6xd5
13.Qd1xd5 Bc8e6
14.Qd5d2 Ra8d8
15.a3 e4
16.Nf3e1 d5
17.Bb2xg7 Qe7xg7
18.cxd5 Rd8xd5
19.Qd2c1 Nc6d4
20.Qc1b2 Nd4f3
{ resign }
0-1

[Event "Tourn. n8052"]
[Site "www.chess-mail.com"]
[Date "2015.02.11"]
[Round "1"]
[White "Gene4267"]
[Black "Kesalon"]
[WhiteElo "1499"]
[BlackElo "999"]
[Result "1-0"]
[Round "1"]
1.e4 e5
2.Ng1f3 Nb8c6
3.Bf1c4 Bf8c5
4.O-O Ng8f6
5.d3 d6
6.c3 O-O
7.Rf1e1 h6
8.Nb1d2 Bc8g4
9.Nd2f1 a6
10.h3 Bg4h5
11.Nf1g3 Bh5g6
12.d4 exd4
13.cxd4 Bc5b4
14.Bc1d2 Rf8e8
15.Bd2xb4 Nc6xb4
16.a3 Nb4c6
17.e5 dxe5
18.dxe5 Nf6d7
19.e6 fxe6
20.Bc4xe6 Bg6f7
21.Be6xf7 Kxf7
22.Qd1d5 Kf8
23.Ra1d1 Nd7f6
24.Qd5c5 { resign }
1-0

[Event "Tourn. n8013"]
[Site "www.chess-mail.com"]
[Date "2015.02.11"]
[Round "1"]
[White "Osopanda"]
[Black "Krasin"]
[WhiteElo "2080"]
[BlackElo "2180"]
[Result "1/2-1/2"]
[Round "1"]
1.d4 f5
2.c4 Ng8f6
3.Nb1c3 g6
4.g3 Bf8g7
5.Bf1g2 O-O
6.e4 fxe4
7.Nc3xe4 Nf6xe4
8.Bg2xe4 d6
9.Be4g2 Nb8d7
10.Ng1e2 Nd7f6
11.O-O c6
12.Ne2c3 Bc8f5
13.h3 e5
14.dxe5 dxe5
15.Bc1g5 Qd8e8
16.Qd1b3 Rf8f7
17.c5 Kh8
18.Ra1e1 Nf6d7
19.Qb3xb7 Nd7xc5
20.Qb7xc6 Qe8xc6
21.Bg2xc6 Ra8c8
22.Bc6d5 Rf7d7
23.Bd5g2 Bf5d3
24.h4 Bd3xf1
25.Kxf1 Nc5d3
26.Re1b1 h6
27.Bg5e3 Nd3xb2
28.Nc3e4 Nb2c4
29.Be3c1 Nc4b6
30.Bg2h3 Rd7d8
31.Bh3xc8 Rd8xc8
32.Bc1e3 Rc8c2
33.a4 Nb6xa4
34.Be3xa7 Na4c3
35.Ne4xc3 Rc2xc3
36.Ke2 Rc3c2
37.Kf3 Rc2a2
38.Rb1b8 Kh7
39.Ba7e3 Ra2a3
{ draw }
1/2-1/2

[Event "Tourn. n8004"]
[Site "www.chess-mail.com"]
[Date "2015.02.11"]
[Round "1"]
[White "Kjvh2004"]
[Black "Passaroa25"]
[WhiteElo "1499"]
[BlackElo "1430"]
[Result "0-1"]
[Round "1"]
1.e4 e6
2.Bf1c4 Nb8c6
3.c3 Nc6e5
4.b3 Ng8e7
5.Ng1e2 Ne7g6
6.d3 d6
7.Ne2g3 Bc8d7
8.O-O Ng6e7
9.Ng3h5 g6
10.Qd1e2 gxh5
11.Qe2xh5 Ne7g6
12.a4 Bf8e7
13.Bc4b5 c6
 { time }
0-1

[Event "Tourn. n7963"]
[Site "www.chess-mail.com"]
[Date "2015.02.11"]
[Round "1"]
[White "Numanoid"]
[Black "George1955"]
[WhiteElo "2600"]
[BlackElo "2650"]
[Result "0-1"]
[Round "1"]
1.e4 c5
2.Nb1c3 Nb8c6
3.Bf1b5 Nc6d4
4.Bb5c4 e6
5.Ng1e2 Ng8f6
6.O-O a6
7.d3 b5
8.Bc4b3 Nd4xb3
9.axb3 Bc8b7
10.Ne2g3 d6
11.Bc1g5 h6
12.Bg5xf6 Qd8xf6
13.f4 h5
14.e5 dxe5
15.Ng3e4 Qf6f5
16.fxe5 Qf5xe5
17.Qd1f3 Qe5c7
18.Qf3f2 f6
19.Ra1e1 O-O-O
{ resign }
0-1

[Event "Tourn. n8061"]
[Site "www.chess-mail.com"]
[Date "2015.02.11"]
[Round "1"]
[White "Obisporey"]
[Black "Krasin"]
[WhiteElo "2450"]
[BlackElo "2320"]
[Result "1-0"]
[Round "1"]
1.e4 e6
2.d4 d5
3.Nb1c3 Bf8b4
4.e5 c5
5.a3 Bb4a5
6.b4 cxd4
7.Qd1g4 dxc3
8.Qg4xg7 Kd7
9.Qg7xh8 Ba5b6
10.Qh8xh7 Nb8c6
11.Qh7xf7 Ng8e7
12.Ng1f3 Qd8h8
13.Bf1d3 a6
14.Bc1g5 Qh8e8
15.Qf7g7 Qe8g8
16.Qg7xg8 Ne7xg8
17.h4 { resign }
1-0

[Event "Tourn. n8061"]
[Site "www.chess-mail.com"]
[Date "2015.02.11"]
[Round "1"]
[White "Krasin"]
[Black "Fjpv"]
[WhiteElo "2320"]
[BlackElo "2590"]
[Result "0-1"]
[Round "1"]
1.e4 e5
2.Ng1f3 Ng8f6
3.Nf3xe5 d6
4.Ne5xf7 Kxf7
5.d4 g6
6.Nb1c3 Nb8c6
7.Bf1c4 Kg7
8.O-O Bf8e7
9.f4 Nf6xe4
{ resign }
0-1

[Event "Tourn. n7839"]
[Site "www.chess-mail.com"]
[Date "2015.02.11"]
[Round "1"]
[White "Hundegana"]
[Black "Apdash"]
[WhiteElo "2000"]
[BlackElo "2110"]
[Result "1-0"]
[Round "1"]
1.d4 d5
2.Bc1f4 c5
3.e3 Nb8c6
4.c3 e6
5.Bf1b5 Bc8d7
6.Ng1f3 a6
7.Bb5xc6 bxc6
8.O-O cxd4
9.Nf3xd4 c5
10.Nd4f3 Ng8f6
11.h3 Bf8e7
12.Nb1d2 O-O
13.Qd1c2 Qd8b6
14.b3 Ra8c8
15.Rf1b1 Be7d6
16.Bf4e5 Bd6xe5
17.Nf3xe5 d4
18.e4 dxc3
19.Qc2xc3 Bd7c6
20.Ne5xc6 Qb6xc6
21.f3 Rf8d8
22.Rb1d1 Nf6h5
23.Nd2f1 Qc6b6
24.Kh1 Nh5f4
25.Rd1d2 Rd8xd2
26.Nf1xd2 Nf4e2
27.Qc3e3 Ne2g3
28.Kg1 g6
29.Kf2 Ng3h5
30.g4 Nh5g7
31.Nd2c4 Qb6c7
32.Kg2 Rc8d8
33.Ra1c1 e5
34.h4 Ng7e6
35.Kg3 Ne6f4
36.Nc4xe5 Nf4d3
37.f4 Nd3xc1
38.Qe3xc1 f6
39.Qc1c4 Kg7
40.Ne5d3 Rd8d4
41.Qc4xa6 Rd4xe4
42.Kf3 Qc7e7
43.Nd3f2 Re4e3
44.Kg2 Re3e2
45.Qa6a8 Qe7e3
46.Qa8b7 Qe3e7
47.Qb7a8 Re2d2
48.a4 Rd2d7
49.Qa8f3 Qe7e1
50.h5 gxh5
51.gxh5 Rd7d2
52.f5 Qe1e2
53.Qf3g3 Kf7
54.h6 Qe2e4
55.Qg3f3 Qe4xf3
56.Kxf3 Rd2b2
57.Ke3 Rb2xb3
58.Ke4 Rb3b4
59.Kd5 Rb4xa4
60.Kxc5 Ra4f4
61.Nf2h3 Rf4xf5
62.Kd4 Rf5h5
63.Nh3f2 Rh5xh6
64.Ke4 Rh6h5
65.Kf4 Rh5a5
66.Nf2d3 h5
67.Nd3e1 Kg6
68.Ne1g2 Ra5f5
69.Kg3 Rf5g5
70.Kf3 Rg5xg2
71.Kxg2 Kg5
72.Kg3 f5
73.Kf3 h4
74.Kg2  { time }
1-0

[Event "Tourn. n7909"]
[Site "www.chess-mail.com"]
[Date "2015.02.11"]
[Round "1"]
[White "Szustan"]
[Black "Pgcbies"]
[WhiteElo "2590"]
[BlackElo "2730"]
[Result "0-1"]
[Round "1"]
1.e4 e5
2.Ng1f3 Nb8c6
3.Nb1c3 Ng8f6
4.d4 exd4
5.Nc3d5 Nc6b4
6.Nd5xf6 Qd8xf6
7.Bf1c4 Bf8c5
8.O-O d6
9.e5 dxe5
10.c3 dxc3
11.Bc1g5 c2
12.Qd1e2 Qf6f5
13.a3 Nb4c6
14.Bc4d3 Nc6d4
15.Nf3xd4 Qf5xg5
16.Nd4f3 Qg5h5
17.Bd3xc2 Bc5d6
18.Ra1e1 f6
19.Bc2a4 c6
20.Re1c1 O-O
21.Rf1d1 Bd6c7
22.Ba4b3 Kh8
23.Rc1c4 Bc8f5
24.Rc4h4 Qh5e8
25.Bb3c2 Bf5xc2
26.Qe2xc2 f5
27.Rh4h3 e4
28.Nf3d2 Ra8d8
29.Rd1e1 Rf8f7
30.Nd2f1 g6
31.b4 Rf7d7
32.Rh3b3 a6
33.Nf1e3 Kg7
34.g3 Qe8e6
35.Qc2c4 Qe6f6
36.Qc4c5 h5
37.a4 Bc7e5
38.Ne3f1 h4
39.b5 Be5d4
40.Qc5c4 hxg3
{ resign }
0-1

[Event "Tourn. n8038"]
[Site "www.chess-mail.com"]
[Date "2015.02.11"]
[Round "1"]
[White "Averoes"]
[Black "Luban"]
[WhiteElo "2120"]
[BlackElo "2120"]
[Result "1-0"]
[Round "1"]
1.d4 d5
2.c4 e6
3.Ng1f3 Ng8f6
4.g3 Bf8e7
5.Bf1g2 O-O
6.O-O c5
7.cxd5 exd5
8.Nb1c3 h6
9.Nf3e5 Bc8e6
10.Bc1e3 cxd4
11.Be3xd4 Nb8d7
12.Ne5d3 a6
13.Nd3f4 Nd7c5
14.Bd4xc5 Be7xc5
15.Nf4xd5 Nf6g4
16.h3 Ng4xf2
17.Rf1xf2 Qd8g5
18.Qd1d3 Ra8d8
19.Ra1d1 Bc5xf2
20.Kxf2 Be6xd5
21.Nc3xd5 Qg5e5
22.b3 Rf8e8
23.e4 Qe5d6
24.Kg1 b5
25.g4 Qd6a3
26.Rd1d2 Qa3c5
27.Kh1 Qc5c1
28.Kh2 Qc1c5
29.Qd3f3 Qc5d6
30.Qf3g3 Qd6c5
31.h4 Rd8c8
32.g5 hxg5
33.hxg5 { resign }
1-0

[Event "Tourn. n8057"]
[Site "www.chess-mail.com"]
[Date "2015.02.11"]
[Round "1"]
[White "E4player"]
[Black "4knights"]
[WhiteElo "1809"]
[BlackElo "1759"]
[Result "1-0"]
[Round "1"]
1.e4 e5
2.Ng1f3 Ng8f6
3.d4 Nf6xe4
4.Bf1d3 d5
5.dxe5 Nb8c6
6.O-O Bc8g4
7.Qd1e2 Nc6d4
8.Qe2e3 Nd4c6
9.Bd3xe4 dxe4
10.Qe3xe4 Bg4xf3
11.Qe4xf3 Bf8e7
12.Rf1d1 Qd8c8
13.Qf3g3 Qc8e6
14.Qg3xg7 Qe6xe5
15.Qg7xe5 Nc6xe5
16.Nb1c3 Ra8d8
17.Bc1f4 f6
18.Rd1xd8 Be7xd8
19.Ra1e1 O-O
20.Bf4xe5 fxe5
21.Re1xe5 Bd8f6
22.Re5e3 Rf8d8
23.Re3d3 Rd8e8
24.Kf1 c5
25.Rd3g3 Kh8
26.b3 a6
27.Nc3d5 Bf6d4
28.Nd5e3 b5
29.Ne3f5 Bd4e5
30.Rg3e3 { resign }
1-0

[Event "Match"]
[Site "www.echecsemail.com"]
[Date "2015.02.11"]
[Round "1"]
[White "Gilliere"]
[Black "Nozal"]
[WhiteElo "1870"]
[BlackElo "1890"]
[Result "0-1"]
[Round "1"]
1.d4 f6
2.e3 d6
3.Bf1c4 d5
4.Bc4e2 e6
5.Ng1f3 Nb8c6
6.a3 Bf8d6
7.Nb1c3 Ng8e7
8.O-O e5
9.dxe5 fxe5
10.Nc3xd5 e4
11.Nd5xe7 exf3
12.Be2xf3 Qd8xe7
13.Bf3xc6 bxc6
14.Rf1e1 O-O
15.f4 Bc8b7
16.Qd1f3 Ra8e8
17.g3 Qe7g5
18.Qf3g2 Qg5b5
19.Qg2d2 Re8d8
20.Qd2e2 Qb5xe2
21.Re1xe2 Bd6c5
22.b4 Rd8d1
23.Kg2 Bc5b6
24.c4 c5
25.Kf2 a6
26.Bc1b2 Rd1xa1
27.Bb2xa1 cxb4
28.axb4 c5
29.bxc5 Bb6xc5
30.Ba1d4 Rf8c8
31.Bd4e5 a5
32.Re2c2 Bb7e4
33.Rc2a2 Bc5b4
34.Ra2c2 Be4xc2
{ resign }
0-1

[Event "Match"]
[Site "www.echecsemail.com"]
[Date "2015.02.11"]
[Round "1"]
[White "Apdash"]
[Black "Capitaine"]
[WhiteElo "2150"]
[BlackElo "2330"]
[Result "0-1"]
[Round "1"]
1.d4 Ng8f6
2.c4 c5
3.Nb1c3 cxd4
4.Qd1xd4 Nb8c6
5.Qd4d1 e6
6.e4 a6
7.Ng1f3 d6
8.Bc1g5 Bf8e7
9.a3 O-O
10.Bf1d3 Bc8d7
11.O-O Ra8c8
12.Rf1e1 Qd8c7
13.Ra1c1 Nf6g4
14.Bg5xe7 Nc6xe7
15.h3 Ng4e5
16.Nf3xe5 dxe5
17.b4 Rf8d8
18.Qd1e2 Ne7c6
19.Qe2h5 Bd7e8
20.b5 Rd8xd3
21.bxc6 Be8xc6
22.Qh5e2 Rd3d4
23.Re1d1 Rc8d8
24.Rd1xd4 Rd8xd4
25.f3 Qc7d6
26.Rc1d1 Qd6xa3
27.Rd1xd4 exd4
28.Nc3d1 Qa3c1
29.Kf2 Bc6a4
30.Ke1 Qc1xd1
31.Qe2xd1 Ba4xd1
32.Kxd1 e5
33.g3 Kf8
34.f4 f6
35.Kd2 Ke7
36.Kd3 Kd6
37.g4 Kc5
 { time }
0-1

[Event "Match"]
[Site "www.echecsemail.com"]
[Date "2015.02.11"]
[Round "1"]
[White "Dany2005"]
[Black "Difficult"]
[WhiteElo "2199"]
[BlackElo "2100"]
[Result "1/2-1/2"]
[Round "1"]
1.e4 e5
2.Ng1f3 Nb8c6
3.Bf1b5 a6
4.Bb5a4 Ng8f6
5.O-O Nf6xe4
6.d4 b5
7.Ba4b3 d5
8.dxe5 Bc8e6
{ draw }
1/2-1/2

[Event "Match"]
[Site "www.echecsemail.com"]
[Date "2015.02.11"]
[Round "1"]
[White "Fangshuo"]
[Black "Cardiff"]
[WhiteElo "2090"]
[BlackElo "1930"]
[Result "1/2-1/2"]
[Round "1"]
1.e4 e6
2.d4 d5
3.e5 c5
4.c3 Nb8c6
5.Bf1b5 Qd8b6
6.Bb5xc6 bxc6
7.Ng1f3 Bc8a6
8.Qd1b3 cxd4
9.Nf3xd4 c5
10.Qb3xb6 axb6
11.Nd4f3 Ng8e7
12.Bc1g5 h6
13.Bg5h4 Ne7f5
14.Nb1d2 Nf5xh4
15.Nf3xh4 Bf8e7
16.Nh4f3 Kd7
17.b3 g5
18.c4 Ba6b7
19.O-O Kc7
20.cxd5 Bb7xd5
21.Rf1d1 Rh8d8
22.Nd2c4 Bd5xc4
23.Rd1xd8 Ra8xd8
24.bxc4 g4
25.Nf3e1 Rd8d4
26.Ra1c1 { draw }
1/2-1/2

[Event "Match"]
[Site "www.echecsemail.com"]
[Date "2015.02.11"]
[Round "1"]
[White "Nestor"]
[Black "Tbsundar"]
[WhiteElo "2100"]
[BlackElo "2070"]
[Result "0-1"]
[Round "1"]
1.e4 e5
2.Nb1c3 Nb8c6
3.Bf1c4 g6
4.d3 Bf8g7
5.Ng1e2 d6
6.O-O Ng8e7
7.Ne2g3 O-O
8.f4 Kh8
9.f5 gxf5
10.exf5 Ne7g8
11.Nc3d5 Nc6d4
12.Qd1h5 c6
13.f6 Ng8xf6
14.Nd5xf6 Bg7xf6
15.Bc1h6 Rf8g8
16.Bc4xf7 Bc8g4
17.Bf7xg8 Bg4xh5
18.Ng3xh5 Nd4e2
19.Kh1 Ne2f4
20.Nh5xf4 exf4
21.Bg8e6 Bf6g5
22.Bh6xg5 Qd8xg5
23.Ra1e1 d5
24.Be6d7 Ra8d8
25.Bd7h3 Rd8f8
26.Re1e6 Rf8g8
27.Rf1f3 Qg5h4
28.c4 dxc4
29.dxc4 Rg8d8
 { time }
0-1

[Event "Match"]
[Site "www.echecsemail.com"]
[Date "2015.02.11"]
[Round "1"]
[White "Kesalon"]
[Black "Harrytheking"]
[WhiteElo "999"]
[BlackElo "1770"]
[Result "1-0"]
[Round "1"]
1.e4 b6
2.d4 Bc8a6
3.Bf1xa6 Nb8xa6
4.Ng1f3 d6
5.Nb1c3 c6
6.Bc1f4 h6
7.Qd1e2 Na6c7
8.O-O-O e6
9.g4 Ng8e7
10.h4 Ne7g6
11.Bf4g3 Bf8e7
12.d5 c5
13.dxe6 Nc7xe6
14.Qe2b5 Kf8
15.e5 a6
16.Qb5e2 dxe5
17.Rd1xd8 Ra8xd8
18.Nf3xe5 Ng6xe5
19.Bg3xe5 Ne6d4
20.Be5xd4 cxd4
21.Nc3e4 a5
22.Qe2b5 Rd8b8
23.Rh1d1 Be7xh4
24.Rd1xd4 g6
25.Rd4d6 Bh4d8
26.Qb5e5 Rh8g8
27.Rd6xg6 fxg6
28.Qe5xb8 Ke8
29.Ne4f6 { resign }
1-0